Ensayos Filosóficos (Record no. 12482)

MARC details
000 -LEADER
campo de control de longitud fija 02180nam a22002057a 4500
003 - IDENTIFICADOR DE NÚMERO DE CONTROL
campo de control OSt
005 - FECHA Y HORA DE LA ÚLTIMA TRANSACCIÓN
campo de control 20250204083007.0
007 - CAMPO FIJO DE DESCRIPCIÓN FÍSICA--INFORMACIÓN GENERAL
campo de control de longitud fija ta
008 - DATOS DE LONGITUD FIJA--INFORMACIÓN GENERAL
campo de control de longitud fija 250117b2025 dr | | |||| 001 edspa d
020 ## - NÚMERO INTERNACIONAL ESTÁNDAR DEL LIBRO
Número Internacional Estándar del Libro 978-0-244-05824-1
040 ## - FUENTE DE CATALOGACIÓN
Centro catalogador/agencia de origen SCDD
Centro/agencia transcriptor DO
Normas de descripción rda
Lengua de catalogación Spa
082 ## - NÚMERO DE LA CLASIFICACIÓN DECIMAL DEWEY
Número de clasificación 120/S232e
Información de edición 21
100 ## - ENTRADA PRINCIPAL--NOMBRE DE PERSONA
Nombre de persona Santana Soriano, Edwin
245 ## - MENCIÓN DEL TÍTULO
Título Ensayos Filosóficos
Resto del título Reflexiones Epistemológicas, Ontológicas y Éticas/
Mención de responsabilidad, etc. Santana Soriano, Edwin
260 ## - PUBLICACIÓN, DISTRIBUCIÓN, ETC.
Lugar de publicación, distribución, etc. Santo Domingo:
Nombre del editor, distribuidor, etc. Lulú
Fecha de publicación, distribución, etc. 2017
300 ## - DESCRIPCIÓN FÍSICA
Extensión 187p
505 ## - NOTA DE CONTENIDO CON FORMATO
Nota de contenido con formato PRESENTACIÓN - Primera parte FILOSOFÍA DE LA CIENCIA: - LA DISCUSIÓN EN TORNO A LAS CIENCIAS NATURALES---POSICION DEL POSITIVISMO LÓGICO: LA SUPERACIÓN DE LA METAFÍSICA DE CARNAP Y EL TRACTATUS DE WITTGENSTEIN--EL VIRAJE DE LA FILOSOFÍA DE MORITZ SCHLICK.---EL "PROGRAMA FUERTE" EN SOCIOLOGÍA DE LA CIENCIA Y SUS CRÍTICOS. --LA FILOSOFÍA DE LA CIENCIA DE LARRY LAUDAN.--LA CIENCIA VISTA DESDE LAS HUMANIDADES--LA VISIÓN PÚBLICA DE LA CIENCIA.--LA POSVERDAD Y SUS EFECTOS SOBRE LA CIENCIA--KUHN vs POPPER: IDEAS ENCONTRADAS---FILOSOFÍA DE LA CIENCIA: LA DISCUSIÓN EN TORNO A LAS CIENCIAS SOCIALES.---LA FRONTERA ENTRE LAS CIENCIAS NATURALES Y LAS HUMANAS--LA EXPLICACIÓN EN LAS CIENCIAS SOCIALES-- BUSCAR LA FILOSOFIA EN LAS CIENCIAS SOCIALES" SEGÚN MARIO BUNGE.-- KARL POPPER Y EL HISTORICISMO-- Segunda parte: FILOSOFIA CONTEMPORÁNEA Y ACTUAL.-- LA EDAD CONTEMPORÁNEA-- LA CRISIS DE LA TRADICION EN LA FILOSOFÍA CONTEMPORÁNEA Y ACTUAL.-- Tercera parte: FILOSOFÍA DE LA TECNOLOGÍA-- ¿QUÉ ES LA TECNOLOGÍA? UNA RESPUESTA DESDE LA FILOSOFÍA-- ATENTADOS CON VEHÍCULOS Y FILOSOFÍA. --- LA TECNOLOGÍA Y SUS IMPLICACIONES ÉTICAS, ONTOLÓGICAS Y EPISTEMOLÓGICAS-- TECNOLOGÍA Y CONTROL SOCIAL SEGÚN HERBERT MARCUSE EN EL HOMBRE UNIDIMENSIONAL-- PROGRESO TECNOLÓGICO Y PROGRESO SOCIAL.-- Cuarta parte: VARIOS-- LA INFLUENCIA DE LA ILUSTRACIÓN EN LOS PROCESOS REVOLUCIONARIOS INDEPENDENTISTAS DE LA AMÉRICA DEL SIGLO XXIV-- ANTONIO GRAMSCI Y LA FILOSOFÍA MARXISTA-- Bibliografía
650 ## - PUNTO DE ACCESO ADICIONAL DE MATERIA--TÉRMINO DE MATERIA
Término de materia o nombre geográfico como elemento de entrada Filosofía Reflexiones 2. Ensayos, conferencias, 3- Epistemología, causalidad, 4- Género humano 5- Ontología 6- Ética
942 ## - ELEMENTOS DE ENTRADA SECUNDARIOS (KOHA)
Fuente de la clasificación o esquema de estantería Clasificación Decimal Dewey
Tipo de ítem Koha Libros
Suprimir en OPAC No

No items available.

© 2024. Todos los Derechos Reservados. Desarrollado por IDEICE